Suwal-I-Ruh Wa Jawab-I-Ilahi Az Kalam-Ullah (Record no. 7542)

MARC details
000 -LEADER
fixed length control field 00592nam a2200229 a 4500
020 ## - INTERNATIONAL STANDARD BOOK NUMBER
ISBN
082 00 - DEWEY DECIMAL CLASSIFICATION NUMBER
Classification number 242.2
Author Cutter PRB
245 ## - TITLE STATEMENT
Title Suwal-I-Ruh Wa Jawab-I-Ilahi Az Kalam-Ullah
260 ## - PUBLICATION, DISTRIBUTION, ETC. (IMPRINT)
Place of publication Allahabad
Name of publisher Punjab Religious Book Society
Year of publication 1874
300 ## - PHYSICAL DESCRIPTION
Number of Pages 195p
500 ## - GENERAL NOTE
General note includes index and biblioraphy
505 2# - FORMATTED CONTENTS NOTE
Formatted contents note Appendix
650 ## - SUBJECT ADDED ENTRY--TOPICAL TERM
Topical Term Prayer-Christianity
942 ## - ADDED ENTRY ELEMENTS (KOHA)
Koha item type Books
Holdings
Home library Current library Date acquired Cost, normal purchase price Full call number Accession Number Koha item type
Henry Martyn Institute Library Henry Martyn Institute Library 06/29/2007 100.00 242.2 PRB 10948 Archive Book
                   Copyright © 2026 | Henry Martyn Institute | Hyderabad | TS-500052 | INDIA | Implemented by hmi.edu.in
Hit-Count:

Powered by Koha